[Event "83rd Tata Steel Masters 2021"]
[Site "Wijk aan Zee"]
[Date "2021.01.26"]
[Round "9.6"]
[White "Giri, Anish"]
[Black "Vachier-Lagrave, Maxime"]
[Result "1-0"]
[WhiteElo "2764"]
[BlackElo "2784"]
[Annotator "TA"]
[PlyCount "139"]
[EventDate "2021.01.16"]
[EventType "tourn"]
[EventCountry "NED"]
[SourceTitle "playchess.com"]
[Source "ChessBase"]
[SourceQuality "1"]

1. e4 c5 2. Nf3 d6 3. d4 cxd4 4. Nxd4 Nf6 5. Nc3 a6 6. h3 e5 7. Nf3 Be7 8. g4 O-O 9. g5 Nh5 10. Bc4 Be6 11. Bb3 g6 12. Be3 Nd7 13. Qd2 Rc8 14. O-O-O Nc5 15. Bxc5 Rxc5 16. h4 Nf4 17. Kb1 Qa5 18. Ne1 Rfc8 19. Nd3 Nxd3 20. Qxd3 Rxc3 21. bxc3 d5 22. exd5 Bf5 23. Qd2 Bd6 24. c4 Qb6 25. Ka1 a5 26. c3 a4 27. Bc2 e4 28. Bxa4 Rxc4 29. Bb3 Rc5 30. Rhe1 Be5 31. Re3 Qd6 32. Kb2 b5 33. a3 Rc8 34. Ra1 b4 35. axb4 Qxb4 36. d6 Rb8 37. Ra3 Qb7 38. Kc1 Qd7 39. Qd5 Bxd6 40. Ra6 Rd8 41. Rxd6 Qxd6 42. Qxf7+ Kh8 43. Qf6+ Qxf6 44. gxf6 Rd6 45. f3 Rxf6 46. fxe4 Be6 47. e5 Rf1+ 48. Kb2 Bxb3 49. Kxb3 Kg7 50. c4 Rb1+ 51. Ka4 Kf7 52. c5 Ke6 53. c6 Rc1 54. Kb5 Rc2 55. Re1 Rc3 56. Kb6 Rb3+ 57. Ka6 Ra3+ 58. Kb6 Rb3+ 59. Ka6 Ra3+ 60. Kb7 Rb3+ 61. Kc8 Rb4 62. c7 Rxh4 63. Rc1 Rf4 64. Kb7 Rf7 65. Re1 g5 66. Kb8 Rf8+ 67. c8=Q+ Rxc8+ 68. Kxc8 h5 69. Kc7 h4 70. Kc6 1-0

[Event "85th Tata Steel Masters 2023"]
[Site "Wijk aan Zee"]
[Date "2023.01.24"]
[Round "9.6"]
[White "Aronian, Levon"]
[Black "Van Foreest, Jorden"]
[Result "1/2-1/2"]
[WhiteElo "2735"]
[BlackElo "2681"]
[Annotator "TA"]
[PlyCount "61"]
[EventDate "2023.01.10"]
[EventType "tourn"]
[EventCountry "NED"]
[SourceTitle "playchess.com"]
[Source "ChessBase"]
[SourceQuality "1"]

1. d4 d5 2. c4 c6 3. Nc3 Nf6 4. e3 e6 5. Nf3 Be7 6. Qc2 O-O 7. b3 dxc4 8. Bxc4 b5 9. Be2 Bb7 10. O-O Nbd7 11. Bb2 Rc8 12. Rfd1 Qb6 13. Ne5 Rfd8 14. Nxd7 Rxd7 15. Bd3 a6 16. Ne4 Nxe4 17. Bxe4 f5 18. Bf3 c5 19. dxc5 Rxc5 20. Qe2 Bxf3 21. Qxf3 Qc6 22. Rxd7 Qxd7 23. Rd1 Rd5 24. Rxd5 Qxd5 25. Qxd5 exd5 26. Kf1 Kf7 27. Ke2 g6 28. h3 h5 29. Kd3 Ke6 30. f3 Bc5 31. Bc3 1/2-1/2

[Event "82nd Tata Steel Masters 2020"]
[Site "Wijk aan Zee"]
[Date "2020.01.21"]
[Round "9.6"]
[White "Kovalev, Vladislav"]
[Black "Van Foreest, Jorden"]
[Result "1/2-1/2"]
[WhiteElo "2660"]
[BlackElo "2644"]
[Annotator "TA"]
[PlyCount "136"]
[EventDate "2020.01.11"]
[EventType "tourn"]
[EventCountry "NED"]
[SourceTitle "playchess.com"]
[Source "ChessBase"]
[SourceQuality "1"]

1. e4 c5 2. Nf3 d6 3. d4 cxd4 4. Nxd4 Nf6 5. Nc3 a6 6. Qe2 g6 7. Bg5 Bg7 8. O-O-O O-O 9. e5 dxe5 10. Nf3 Nbd7 11. Nxe5 Qa5 12. f4 Nxe5 13. Qxe5 b5 14. Qxe7 Re8 15. Qa3 Qxa3 16. bxa3 Ng4 17. Nd5 Nf2 18. Nc7 Bg4 19. Nxe8 Bxd1 20. Nxg7 Rc8 21. c4 Nxh1 22. Kxd1 Nf2+ 23. Ke1 Ne4 24. cxb5 Nxg5 25. fxg5 axb5 26. Nh5 gxh5 27. Bxb5 Rc5 28. a4 Rxg5 29. Kf2 h4 30. h3 Kg7 31. Kg1 Kf6 32. Kh2 Rg3 33. Bc4 Rc3 34. Bd5 Rd3 35. Be4 Ra3 36. Bxh7 Rxa4 37. Bd3 Rxa2 38. Be4 Ke5 39. Bf3 f5 40. Bb7 Kd6 41. Bf3 Rb2 42. Ba8 Rb3 43. Kg1 Ra3 44. Bb7 Ra1+ 45. Kh2 Rb1 46. Bf3 Rb8 47. Kg1 Rb3 48. Ba8 Rb1+ 49. Kh2 Rf1 50. Bb7 Kc7 51. Ba8 Rd1 52. Bf3 Rd3 53. Ba8 Kb6 54. Kg1 Kc5 55. Kh2 Rb3 56. Kg1 Kd4 57. Kh2 Ke3 58. Bd5 Rb4 59. Bf3 Re4 60. Kg1 Kd2 61. Kh2 Kd3 62. Kh1 Kc2 63. Kh2 Kd2 64. Kh1 Rf4 65. Ba8 Rf1+ 66. Kh2 Ke3 67. Bb7 f4 68. Bc6 f3 1/2-1/2

[Event "84th Tata Steel Challengers 2022"]
[Site "Wijk aan Zee"]
[Date "2022.01.25"]
[Round "9.6"]
[White "L'Ami, Erwin"]
[Black "Dardha, Daniel"]
[Result "1/2-1/2"]
[WhiteElo "2622"]
[BlackElo "2533"]
[Annotator "TA"]
[PlyCount "188"]
[EventDate "2022.01.15"]
[EventType "tourn"]
[EventCountry "NED"]
[SourceTitle "playchess.com"]
[Source "ChessBase"]
[SourceQuality "1"]

1. d4 Nf6 2. c4 e6 3. Nf3 d5 4. Nc3 h6 5. Bf4 Bd6 6. Bg3 O-O 7. e3 Bxg3 8. hxg3 Qe7 9. Qc2 Rd8 10. Rd1 b6 11. cxd5 exd5 12. Be2 Bb7 13. Qf5 Nbd7 14. Qf4 Nf8 15. Nh4 Bc8 16. Nf5 Bxf5 17. Qxf5 Ne6 18. a3 c6 19. g4 Re8 20. Bf3 Ng5 21. O-O g6 22. Qf4 Rad8 23. b4 Kg7 24. Rc1 b5 25. Ne2 Rc8 26. Rc2 a5 27. Rb1 axb4 28. axb4 Nd7 29. Nc1 Nb6 30. Nd3 Nc4 31. Ra1 Ne6 32. Qg3 Ra8 33. Rca2 Rxa2 34. Rxa2 Qb7 35. Kh2 Ra8 36. Rxa8 Qxa8 37. Ne5 Nd2 38. Be2 Ne4 39. Qf3 f6 40. Nd3 N6g5 41. Qf4 Ne6 42. Qf3 Qa2 43. Bf1 Nd2 44. Qe2 Qc2 45. Kg1 Ng5 46. f3 Qc3 47. Kf2 Ne6 48. Qe1 Qc2 49. Qc1 Ne4+ 50. Ke1 Qxc1+ 51. Nxc1 Nd6 52. Nd3 Nc4 53. Kf2 Kf7 54. Be2 Ke7 55. Bd1 Kd6 56. Bc2 g5 57. Ke2 Ng7 58. Nf2 Ne6 59. Bf5 Ke7 60. Bxe6 Kxe6 61. e4 Nd6 62. Kd3 Nc8 63. Nd1 Ne7 64. Ne3 Ng6 65. Kd2 Nh4 66. Ke2 Ng6 67. Ke1 Ne7 68. Kd2 Nc8 69. Nd1 Ne7 70. Nc3 Kd6 71. Ke3 Ke6 72. Ne2 Nc8 73. Nc1 Nd6 74. Nb3 Kd7 75. g3 Nc4+ 76. Ke2 Nd6 77. e5 Ne8 78. Nc5+ Ke7 79. Nd3 Ng7 80. exf6+ Kxf6 81. Ne5 Ne6 82. Nxc6 Nc7 83. Kd3 Na6 84. Kc3 Nc7 85. Ne5 Kg7 86. Nd3 Kf6 87. Nf2 Kf7 88. Nd1 Kf6 89. Ne3 Kg6 90. Kd3 Kf6 91. f4 Kg6 92. Ke2 Kf6 93. Kf3 Kg6 94. Nf5 Kh7 1/2-1/2

[Event "82nd Tata Steel Challengers 2020"]
[Site "Wijk aan Zee"]
[Date "2020.01.21"]
[Round "9.6"]
[White "Nihal Sarin"]
[Black "Smeets, Jan"]
[Result "1/2-1/2"]
[WhiteElo "2618"]
[BlackElo "2585"]
[Annotator "TA"]
[PlyCount "89"]
[EventDate "2020.01.11"]
[EventType "tourn"]
[EventCountry "NED"]
[SourceTitle "playchess.com"]
[Source "ChessBase"]
[SourceQuality "1"]

1. e4 c6 2. Nf3 d5 3. Nc3 Bg4 4. h3 Bxf3 5. Qxf3 Nf6 6. Be2 e6 7. O-O dxe4 8. Nxe4 Nxe4 9. Qxe4 Nd7 10. d4 Nf6 11. Qd3 Qc7 12. Rd1 Be7 13. c4 O-O 14. Be3 Rfd8 15. Qb3 Rd7 16. Bf3 Rad8 17. a3 h6 18. g3 b6 19. Kg2 c5 20. Qc3 a5 21. Rac1 cxd4 22. Bxd4 Ne8 23. h4 Bf6 24. Bxf6 Nxf6 25. b4 axb4 26. axb4 Rxd1 27. Rxd1 Rxd1 28. Bxd1 Kf8 29. Bf3 Ke7 30. c5 bxc5 31. bxc5 Kf8 32. Qb4 Ne8 33. Qb6 Qe5 34. Bc6 Ke7 35. Bxe8 Kxe8 36. c6 Qd6 37. Kg1 g5 38. h5 f5 39. Qb7 Qd1+ 40. Kg2 Qd5+ 41. Kh2 Qd4 42. Kg1 Qd1+ 43. Kg2 Qd5+ 44. Kh2 Qd4 45. Kg1 1/2-1/2

[Event "84th Tata Steel Masters 2022"]
[Site "Wijk aan Zee"]
[Date "2022.01.25"]
[Round "9.6"]
[White "Praggnanandhaa R"]
[Black "Karjakin, Sergey"]
[Result "0-1"]
[WhiteElo "2612"]
[BlackElo "2743"]
[Annotator "TA"]
[PlyCount "106"]
[EventDate "2022.01.15"]
[EventType "tourn"]
[EventCountry "NED"]
[SourceTitle "playchess.com"]
[Source "ChessBase"]
[SourceQuality "1"]

1. d4 d5 2. Nf3 Nf6 3. Bf4 c5 4. e3 Nc6 5. Nbd2 Nh5 6. dxc5 Nxf4 7. exf4 g6 8. c3 Bg7 9. Bb5 Qc7 10. Nb3 a6 11. Bxc6+ bxc6 12. Qd2 O-O 13. h4 Bg4 14. h5 a5 15. Nbd4 Bxh5 16. Rxh5 gxh5 17. Qe3 a4 18. O-O-O e6 19. Rh1 Rfb8 20. Ne5 Qb7 21. Nd3 Qa6 22. a3 Qc4 23. Rxh5 Bxd4 24. Qxd4 Qxd4 25. cxd4 f6 26. Kc2 Rb3 27. g4 Rab8 28. Rh3 Kg7 29. Re3 Kf7 30. Rh3 Kg6 31. Re3 Kf7 32. Rh3 Kg6 33. Re3 h5 34. gxh5+ Kf5 35. Nb4 Rxe3 36. fxe3 Ke4 37. Nxc6 Rc8 38. Na7 Ra8 39. Nb5 Kxe3 40. c6 e5 41. dxe5 Rc8 42. Kd1 Rxc6 43. Nd6 fxe5 44. fxe5 Kd3 45. Ke1 Rc7 46. Kf2 Re7 47. Kg3 Rxe5 48. Kg4 Re6 49. Nf5 Ke4 50. Ng3+ Ke5 51. Kg5 Re8 52. h6 Rg8+ 53. Kh4 Rg6 0-1

[Event "85th Tata Steel Challengers 2023"]
[Site "Wijk aan Zee"]
[Date "2023.01.24"]
[Round "9.6"]
[White "Adhiban, B.."]
[Black "Roebers, Eline"]
[Result "1-0"]
[WhiteElo "2610"]
[BlackElo "2361"]
[Annotator "TA"]
[PlyCount "81"]
[EventDate "2023.01.10"]
[EventType "tourn"]
[EventCountry "NED"]
[SourceTitle "playchess.com"]
[Source "ChessBase"]
[SourceQuality "1"]

1. Nf3 Nf6 2. c4 e6 3. Nc3 Bb4 4. g4 h6 5. Rg1 b6 6. Qb3 Be7 7. d4 Bb7 8. g5 hxg5 9. Bxg5 d6 10. O-O-O Nbd7 11. h4 a6 12. Bh3 Nh5 13. d5 e5 14. Bxd7+ Qxd7 15. c5 Qd8 16. Bxe7 Kxe7 17. Ne4 Bc8 18. Nxe5 dxe5 19. d6+ cxd6 20. Rxd6 Qc7 21. Rg5 bxc5 22. Rxe5+ Kf8 23. Ng5 Bb7 24. Rf5 Nf6 25. Rdxf6 gxf6 26. Rxf6 Kg8 27. Rg6+ Kf8 28. Rf6 Kg8 29. Rxf7 c4 30. Qb4 a5 31. Qb5 Ba6 32. Qd5 Bb7 33. Qe6 Qc6 34. Qe5 Qh1+ 35. Kc2 Be4+ 36. Nxe4 Kxf7 37. Nd6+ Kg6 38. Qg5+ Kh7 39. Qh5+ Kg7 40. Qf7+ Kh6 41. Nf5# 1-0

[Event "83rd Tata Steel Masters 2021"]
[Site "Wijk aan Zee"]
[Date "2021.01.26"]
[Round "9.7"]
[White "Anton Guijarro, David"]
[Black "Harikrishna, Pentala"]
[Result "1/2-1/2"]
[WhiteElo "2679"]
[BlackElo "2732"]
[Annotator "TA"]
[PlyCount "89"]
[EventDate "2021.01.16"]
[EventType "tourn"]
[EventCountry "NED"]
[SourceTitle "playchess.com"]
[Source "ChessBase"]
[SourceQuality "1"]

1. e4 c5 2. Nf3 d6 3. d4 cxd4 4. Nxd4 Nf6 5. Nc3 e5 6. Bb5+ Nbd7 7. Nf5 a6 8. Ba4 b5 9. Bb3 Nc5 10. Bg5 Bxf5 11. exf5 Be7 12. Bxf6 Bxf6 13. Qd5 O-O 14. Ne4 Qa5+ 15. Ke2 Qb4 16. Kf3 Be7 17. Rhd1 Rac8 18. c3 Qxe4+ 19. Qxe4 Nxe4 20. Kxe4 Rfd8 21. Rd3 Kf8 22. Rad1 a5 23. a3 Rc7 24. Rd5 Rb8 25. g3 Rb6 26. h4 Rcc6 27. R5d3 Bd8 28. Bd5 Rc8 29. Kf3 h6 30. Ra1 Rbb8 31. Rd2 Rc5 32. Ke4 Rc7 33. f3 Rc5 34. Rh2 Rbc8 35. Rd2 Rb8 36. Rg2 Rbc8 37. Rh2 Bb6 38. Rd2 Bd8 39. Rh2 Bb6 40. Rd2 Bd8 41. Bb3 R8c6 42. Rd5 Ke7 43. Rxc5 dxc5 44. Bd5 Rb6 45. b4 1/2-1/2

[Event "84th Tata Steel Masters 2022"]
[Site "Wijk aan Zee"]
[Date "2022.01.25"]
[Round "9.7"]
[White "Grandelius, Nils"]
[Black "Caruana, Fabiano"]
[Result "0-1"]
[WhiteElo "2672"]
[BlackElo "2792"]
[Annotator "TA"]
[PlyCount "88"]
[EventDate "2022.01.15"]
[EventType "tourn"]
[EventCountry "NED"]
[SourceTitle "playchess.com"]
[Source "ChessBase"]
[SourceQuality "1"]

1. e4 e6 2. d4 d5 3. e5 c5 4. c3 Nc6 5. Nf3 Bd7 6. Be2 Nge7 7. O-O Ng6 8. Be3 Be7 9. Nbd2 O-O 10. Re1 a5 11. a3 a4 12. Bd3 cxd4 13. cxd4 h6 14. Qe2 b5 15. g3 Qb6 16. h4 Rfc8 17. Nf1 b4 18. N1h2 Rab8 19. h5 Nf8 20. Ng4 bxa3 21. bxa3 Qb2 22. Nd2 Kh8 23. Qf3 Be8 24. Nf6 Nxd4 25. Qg4 Nf5 26. Nxe8 Rxe8 27. Bxf5 exf5 28. Qxf5 d4 29. Bf4 Ne6 30. Ne4 Nxf4 31. Qxf4 d3 32. Rad1 Bxa3 33. Nd6 Bxd6 34. exd6 Rxe1+ 35. Rxe1 Qc3 36. Rd1 Qc2 37. Qd2 a3 38. d7 a2 39. Qe1 Qe2 40. Kg2 Kh7 41. Qxe2 dxe2 42. Ra1 Rd8 43. Kf3 Rxd7 44. Kxe2 Ra7 0-1

[Event "85th Tata Steel Challengers 2023"]
[Site "Wijk aan Zee"]
[Date "2023.01.24"]
[Round "9.7"]
[White "Pechac, Jergus"]
[Black "Supi, Luis Paulo"]
[Result "1/2-1/2"]
[WhiteElo "2637"]
[BlackElo "2608"]
[Annotator "TA"]
[PlyCount "75"]
[EventDate "2023.01.10"]
[EventType "tourn"]
[EventCountry "NED"]
[SourceTitle "playchess.com"]
[Source "ChessBase"]
[SourceQuality "1"]

1. d4 d5 2. c4 e6 3. Nc3 Be7 4. Bf4 Nf6 5. e3 O-O 6. a3 b6 7. cxd5 exd5 8. Bd3 c5 9. Nge2 Bb7 10. Qc2 Nc6 11. dxc5 bxc5 12. O-O g6 13. Rfd1 Qc8 14. Ng3 Rd8 15. Bf1 Qe6 16. Na4 c4 17. b3 Na5 18. bxc4 Nxc4 19. Qb3 Rd7 20. Nb2 Rc8 21. Ne2 Nh5 22. Nd4 Qf6 23. Qb5 Nb6 24. Nd3 Nxf4 25. Nxf4 Bd6 26. g3 Rdc7 27. Bh3 Rc5 28. Qb3 Rb8 29. a4 Ba6 30. Rab1 Bc4 31. Qb4 Qd8 32. Qb2 Be5 33. Qa3 Bd6 34. Qa1 Be5 35. Qa3 Bd6 36. Qa1 Be5 37. Qa3 Bd6 38. Qa1 1/2-1/2

[Event "82nd Tata Steel Challengers 2020"]
[Site "Wijk aan Zee"]
[Date "2020.01.21"]
[Round "9.7"]
[White "Smirnov, Anton"]
[Black "Abdusattorov, Nodirbek"]
[Result "0-1"]
[WhiteElo "2604"]
[BlackElo "2635"]
[Annotator "TA"]
[PlyCount "130"]
[EventDate "2020.01.11"]
[EventType "tourn"]
[EventCountry "NED"]
[SourceTitle "playchess.com"]
[Source "ChessBase"]
[SourceQuality "1"]

1. d4 Nf6 2. c4 e6 3. Nc3 Bb4 4. f3 d5 5. a3 Bxc3+ 6. bxc3 c5 7. cxd5 Nxd5 8. dxc5 Qa5 9. e4 Ne7 10. Be3 O-O 11. Qb3 Qc7 12. Bb5 Nec6 13. Ne2 Na5 14. Qb4 e5 15. Nd4 Nbc6 16. Qb2 Rb8 17. Nf5 Be6 18. O-O a6 19. Ba4 Nc4 20. Qf2 Ne7 21. Nd6 Nxe3 22. Qxe3 b6 23. Rfd1 bxc5 24. Rd2 Nc8 25. Nxc8 Rbxc8 26. Rad1 Rb8 27. h4 Qa5 28. Bc6 Bb3 29. Ra1 c4 30. Bd5 Kh8 31. Kh2 Rbd8 32. g4 Rd6 33. h5 Rf6 34. Kg3 h6 35. Rg2 Rd8 36. Kf2 Rxd5 37. exd5 Qxd5 38. g5 hxg5 39. Qxg5 Rxf3+ 40. Kg1 Qc5+ 41. Kh2 Qf8 42. Rag1 Ba4 43. Rd2 f6 44. Qg6 Rd3 45. Rxd3 cxd3 46. h6 gxh6 47. Qxd3 h5 48. c4 e4 49. Qxe4 Bd7 50. Qh4 Qf7 51. c5 Bc6 52. Qf4 Kh7 53. Kh3 Qe6+ 54. Kh4 Bd7 55. Rh1 Kg6 56. Qd4 Kf7 57. Qf4 Qd5 58. Rf1 Qe6 59. Rf3 Qe1+ 60. Rf2 Qc3 61. Qf3 Qd4+ 62. Qf4 Qc3 63. Qf3 Qd4+ 64. Kg3 h4+ 65. Kh2 Qe5+ 0-1

[Event "84th Tata Steel Challengers 2022"]
[Site "Wijk aan Zee"]
[Date "2022.01.25"]
[Round "9.7"]
[White "Shuvalova, Polina"]
[Black "Vogel, Roven"]
[Result "1/2-1/2"]
[WhiteElo "2516"]
[BlackElo "2452"]
[Annotator "TA"]
[PlyCount "54"]
[EventDate "2022.01.15"]
[EventType "tourn"]
[EventCountry "NED"]
[SourceTitle "playchess.com"]
[Source "ChessBase"]
[SourceQuality "1"]

1. e4 e5 2. Nf3 Nc6 3. Bb5 Nf6 4. O-O Nxe4 5. Re1 Nd6 6. Nxe5 Be7 7. Bf1 Nxe5 8. Rxe5 O-O 9. d4 Bf6 10. Re1 Nf5 11. c3 d5 12. a4 a5 13. Bf4 c6 14. Nd2 Bg5 15. Be5 Nh4 16. Nf3 Bg4 17. Be2 Bxf3 18. Bxf3 Ng6 19. Bg3 Bf4 20. Bxf4 Nxf4 21. Qb3 Qd7 22. Re3 Rae8 23. Rae1 Nd3 24. Rd1 Nf4 25. Rde1 Nd3 26. Rd1 Nf4 27. Rde1 Nd3 1/2-1/2

[Event "80th Tata Steel Challengers 2018"]
[Site "Wijk aan Zee"]
[Date "2018.01.24"]
[Round "10"]
[White "Korobov, Anton"]
[Black "L'Ami, Erwin"]
[Result "1/2-1/2"]
[WhiteElo "2652"]
[BlackElo "2634"]
[Annotator "TA"]
[PlyCount "43"]
[EventDate "2018.??.??"]
[EventType "tourn"]
[EventCountry "NED"]
[SourceTitle "playchess.com"]
[Source "ChessBase"]
[SourceQuality "1"]

1. Nf3 d5 2. c4 e6 3. g3 c5 4. cxd5 exd5 5. Bg2 Nc6 6. d4 Nf6 7. O-O Be7 8. Nc3 O-O 9. dxc5 Bxc5 10. a3 Ne4 11. Qxd5 Nxc3 12. Qxc5 Nxe2+ 13. Kh1 Nxc1 14. Raxc1 Qf6 15. b4 Bg4 16. Qc3 Qxc3 17. Rxc3 Rad8 18. Re1 Rd7 19. b5 Bxf3 20. Bxf3 Nd4 21. Rd1 b6 22. a4 1/2-1/2

[Event "80th Tata Steel Challengers 2018"]
[Site "Wijk aan Zee"]
[Date "2018.01.24"]
[Round "10"]
[White "Bluebaum, Matthias"]
[Black "Van Foreest, Lucas"]
[Result "1-0"]
[WhiteElo "2640"]
[BlackElo "2481"]
[Annotator "TA"]
[PlyCount "69"]
[EventDate "2018.??.??"]
[EventType "tourn"]
[EventCountry "NED"]
[SourceTitle "playchess.com"]
[Source "ChessBase"]
[SourceQuality "1"]

1. d4 Nf6 2. c4 e6 3. g3 d5 4. Bg2 Be7 5. Nf3 O-O 6. O-O dxc4 7. Qc2 a6 8. a4 Bd7 9. Rd1 Nc6 10. Qxc4 Nb4 11. Nc3 Bc6 12. a5 h6 13. Bd2 b5 14. Qb3 Bb7 15. e4 Qc8 16. Ne2 Nc6 17. d5 Nd8 18. Nfd4 c5 19. dxc6 Nxc6 20. Rac1 Nxd4 21. Nxd4 Qd7 22. Nc6 Bxc6 23. Bb4 Bd5 24. exd5 Bxb4 25. dxe6 Qe7 26. exf7+ Kh8 27. Bxa8 Rxa8 28. Rc6 Rf8 29. Re6 Qc5 30. Rxa6 Qh5 31. h4 Bc5 32. Kg2 Rxf7 33. Rd8+ Kh7 34. Qd3+ g6 35. Rxf6 1-0

[Event "80th Tata Steel Challengers 2018"]
[Site "Wijk aan Zee"]
[Date "2018.01.24"]
[Round "10"]
[White "Xiong, Jeffery"]
[Black "Vidit, Santosh Gujrathi"]
[Result "1/2-1/2"]
[WhiteElo "2634"]
[BlackElo "2718"]
[Annotator "TA"]
[PlyCount "95"]
[EventDate "2018.??.??"]
[EventType "tourn"]
[EventCountry "NED"]
[SourceTitle "playchess.com"]
[Source "ChessBase"]
[SourceQuality "1"]

1. d4 Nf6 2. c4 e6 3. Nf3 d5 4. g3 Bb4+ 5. Bd2 Be7 6. Bg2 O-O 7. O-O c6 8. Qc2 Nbd7 9. Rd1 b6 10. b3 a5 11. Bc3 Ne4 12. Bb2 f5 13. Nc3 Ba6 14. e3 Qe8 15. Rac1 Rc8 16. Ne5 Nxe5 17. dxe5 b5 18. Bf1 a4 19. Nxe4 fxe4 20. cxd5 cxd5 21. Qd2 a3 22. Bd4 Qf7 23. Rxc8 Rxc8 24. Rc1 Qe8 25. Rxc8 Bxc8 26. Qa5 b4 27. Bc5 Qf8 28. Bxe7 Qxe7 29. Bb5 g5 30. Qb6 Kf7 31. Bc6 Kg7 32. h3 h5 33. Kg2 h4 34. g4 Kf7 35. Kh2 Kg7 36. Kg1 Kf7 37. Kh1 Kg7 38. Kg1 Kf7 39. Kh1 Kg7 40. Kg2 Kf7 41. Kf1 Kg7 42. Ke1 Kf7 43. Qb8 Ba6 44. Qh8 Bd3 45. Qh7+ Kf8 46. Qh8+ Kf7 47. Qh7+ Kf8 48. Qh8+ 1/2-1/2

[Event "80th Tata Steel Challengers 2018"]
[Site "Wijk aan Zee"]
[Date "2018.01.24"]
[Round "10"]
[White "Van Foreest, Jorden"]
[Black "Amin, Bassem"]
[Result "1/2-1/2"]
[WhiteElo "2629"]
[BlackElo "2693"]
[Annotator "TA"]
[PlyCount "48"]
[EventDate "2018.??.??"]
[EventType "tourn"]
[EventCountry "NED"]
[SourceTitle "playchess.com"]
[Source "ChessBase"]
[SourceQuality "1"]

1. e4 e5 2. Nf3 Nc6 3. Bb5 a6 4. Ba4 Nf6 5. O-O Be7 6. d3 d6 7. c4 O-O 8. h3 Nd7 9. Be3 Bf6 10. c5 Ne7 11. cxd6 cxd6 12. Nc3 b5 13. Bb3 Bb7 14. a3 Nc5 15. Ba2 Rc8 16. Rc1 Qd7 17. Re1 h6 18. Nh2 Ne6 19. Qh5 Nf4 20. Bxf4 exf4 21. Nf3 Rc5 22. Qg4 Qxg4 23. hxg4 Bxc3 24. Rxc3 Rfc8 1/2-1/2

[Event "80th Tata Steel Challengers 2018"]
[Site "Wijk aan Zee"]
[Date "2018.01.24"]
[Round "10"]
[White "Bok, Benjamin"]
[Black "Gordievsky, Dmitry"]
[Result "0-1"]
[WhiteElo "2607"]
[BlackElo "2622"]
[Annotator "TA"]
[PlyCount "58"]
[EventDate "2018.??.??"]
[EventType "tourn"]
[EventCountry "NED"]
[SourceTitle "playchess.com"]
[Source "ChessBase"]
[SourceQuality "1"]

1. e4 c5 2. Nf3 d6 3. d4 cxd4 4. Nxd4 Nf6 5. Nc3 a6 6. Be3 e6 7. f3 b5 8. Qd2 b4 9. Na4 Nbd7 10. O-O-O Qa5 11. b3 Bb7 12. a3 Qc7 13. axb4 d5 14. Bf2 e5 15. Nf5 g6 16. Nh6 Rc8 17. Bd3 dxe4 18. Bc4 Bd5 19. Nb2 exf3 20. Rhe1 fxg2 21. Kb1 Qd6 22. Bxd5 Qxd5 23. Nd3 Ne4 24. Rxe4 Qxe4 25. Nc5 Nxc5 26. bxc5 Bxh6 27. Qd7+ Kf8 28. Qxc8+ Kg7 29. Qc7 Qe2 0-1

[Event "80th Tata Steel Challengers 2018"]
[Site "Wijk aan Zee"]
[Date "2018.01.24"]
[Round "10"]
[White "Tari, Aryan"]
[Black "Krasenkow, Michal"]
[Result "1/2-1/2"]
[WhiteElo "2599"]
[BlackElo "2671"]
[Annotator "TA"]
[PlyCount "141"]
[EventDate "2018.??.??"]
[EventType "tourn"]
[EventCountry "NED"]
[SourceTitle "playchess.com"]
[Source "ChessBase"]
[SourceQuality "1"]

1. e4 e5 2. Nf3 Nc6 3. d4 exd4 4. Nxd4 Qf6 5. Be3 Bc5 6. c3 Nge7 7. Bb5 Nxd4 8. cxd4 Bb4+ 9. Nc3 c6 10. Bd3 d5 11. O-O Bxc3 12. bxc3 dxe4 13. Bxe4 Bf5 14. Bf3 O-O 15. c4 Rfd8 16. Qb3 Rd7 17. d5 Qg6 18. Bc5 cxd5 19. Bxe7 Rxe7 20. cxd5 Qd6 21. Rac1 g5 22. Rc4 Rc8 23. h3 Rxc4 24. Qxc4 Qb6 25. Rc1 Kg7 26. a4 f6 27. Qc3 a5 28. Qc5 Qb4 29. Rc4 Qe1+ 30. Kh2 Rd7 31. d6 Qe6 32. Rd4 Qe5+ 33. Qxe5 fxe5 34. Rd5 b6 35. Rxe5 Bc2 36. Rxg5+ Kf6 37. Rg4 Rxd6 38. Kg3 Ke5 39. Be2 Bf5 40. Rh4 Bd7 41. Rh5+ Kf6 42. Rh6+ Ke5 43. f4+ Kd5 44. Rh5+ Kd4 45. Bb5 Kc3 46. Bxd7 Rxd7 47. Rb5 Rd4 48. Rxb6 Rxa4 49. Rh6 Rc4 50. Rxh7 a4 51. Ra7 Kb3 52. f5 a3 53. f6 Rc6 54. f7 Rf6 55. Rb7+ Kc2 56. Rc7+ Kb2 57. Rb7+ Kc2 58. Ra7 Kb3 59. Kh4 a2 60. Rb7+ Kc2 61. Ra7 Kb3 62. g4 Rxf7 63. Rxa2 Kxa2 64. g5 Rf1 65. g6 Rg1 66. Kh5 Kb3 67. Kh6 Rh1 68. g7 Rxh3+ 69. Kg6 Rg3+ 70. Kh7 Rxg7+ 71. Kxg7 1/2-1/2

[Event "80th Tata Steel Challengers 2018"]
[Site "Wijk aan Zee"]
[Date "2018.01.24"]
[Round "10"]
[White "Girya, Olga"]
[Black "Harika, Dronavalli"]
[Result "1/2-1/2"]
[WhiteElo "2489"]
[BlackElo "2497"]
[Annotator "TA"]
[PlyCount "114"]
[EventDate "2018.??.??"]
[EventType "tourn"]
[EventCountry "NED"]
[SourceTitle "playchess.com"]
[Source "ChessBase"]
[SourceQuality "1"]

1. d4 d5 2. c4 e6 3. Nf3 Nf6 4. Nc3 a6 5. cxd5 exd5 6. Bg5 Be6 7. e3 Nbd7 8. Bd3 Bd6 9. O-O c6 10. Bf4 Qc7 11. Bxd6 Qxd6 12. h3 O-O 13. Rc1 Rfe8 14. a3 h6 15. Qc2 Rac8 16. Na4 b5 17. Nc5 Nxc5 18. Qxc5 Qxc5 19. Rxc5 Nd7 20. Rc3 c5 21. dxc5 Nxc5 22. Bc2 Ne4 23. Rxc8 Rxc8 24. Bb1 Kf8 25. Rd1 Ke7 26. Bxe4 dxe4 27. Nd4 f5 28. h4 g5 29. hxg5 hxg5 30. f3 exf3 31. gxf3 Bd7 32. Kf2 Rh8 33. Kg3 Rh4 34. Ne2 Rc4 35. Nd4 a5 36. f4 g4 37. Rh1 b4 38. axb4 Rxb4 39. Rh7+ Ke8 40. Rh8+ Ke7 41. Rh7+ Ke8 42. Rh5 Rxb2 43. Nxf5 a4 44. Rh8+ Kf7 45. Rh7+ Ke8 46. Rh8+ Kf7 47. Rh7+ Ke8 48. Nd6+ Kd8 49. Nf7+ Kc8 50. Ne5 Be6 51. Ra7 Rb3 52. Ra8+ Kc7 53. Rxa4 Rxe3+ 54. Kf2 Rc3 55. Ra7+ Kd6 56. Rg7 Kd5 57. Nxg4 Ke4 1/2-1/2

[Event "81st Tata Steel Challengers 2019"]
[Site "Wijk aan Zee"]
[Date "2019.01.23"]
[Round "10"]
[White "Kuipers, Stefan"]
[Black "Gledura, Benjamin"]
[Result "1/2-1/2"]
[WhiteElo "2470"]
[BlackElo "2615"]
[Annotator "TA"]
[PlyCount "93"]
[EventDate "2019.01.12"]
[EventType "tourn"]
[EventCountry "NED"]
[SourceTitle "playchess.com"]
[Source "ChessBase"]
[SourceQuality "1"]

1. e4 c5 2. Nf3 Nc6 3. d4 cxd4 4. Nxd4 e6 5. Nc3 Qc7 6. Be3 a6 7. Qf3 Bd6 8. O-O-O Be5 9. Nxc6 bxc6 10. Bd4 Nf6 11. Bxe5 Qxe5 12. Qe3 Ng4 13. Qe1 Rb8 14. f3 Nf6 15. Qg3 Qxg3 16. hxg3 d5 17. Bd3 h6 18. g4 Rg8 19. Rhe1 Ke7 20. Na4 a5 21. c4 Rd8 22. b3 Rb4 23. exd5 cxd5 24. cxd5 Nxd5 25. Bc4 Nf4 26. Re5 Rxd1+ 27. Kxd1 Nxg2 28. Ke2 Bd7 29. Rxa5 Bxa4 30. Rxa4 Rxa4 31. bxa4 Kd6 32. a5 Kc5 33. a6 Kb6 34. Kd3 g6 35. Ke4 h5 36. gxh5 gxh5 37. Bf1 Nh4 38. f4 Nf5 39. Ke5 Ne3 40. Bh3 h4 41. Kf6 Nd5+ 42. Kxf7 Nxf4 43. Bf1 e5 44. Kf6 h3 45. Bxh3 Nxh3 46. Kxe5 Kxa6 47. Ke4 1/2-1/2